[Event "Laval op"]
[Site "Laval CAN"]
[Date "2017.06.25"]
[Round "5"]
[White "Tanaka, Tyler"]
[Black "Larochelle, Martial"]
[Result "1/2-1/2"]
[WhiteElo "1765"]
[BlackElo "2069"]
[WhiteFideId "-1"]
[WhiteFideId "-1"]
[PlyCount "78"]
[GameId "2160767908411034"]
[EventDate "2017.06.23"]
[EventType "swiss"]
[EventRounds "5"]
[EventCountry "CAN"]
[SourceTitle "CBM 179 Extra"]
[Source "ChessBase"]
[SourceDate "2017.08.23"]
[SourceVersion "1"]
[SourceVersionDate "2017.08.23"]
[SourceQuality "1"]

1. e4 e5 2. Nf3 Nc6 3. Bb5 a6 4. Ba4 Nf6 5. O-O Be7 6. Re1 b5 7. Bb3 d6 8. c3 O-O 9. h3 Nb8 10. d4 Nbd7 11. Nbd2 Bb7 12. d5 c6 13. dxc6 Bxc6 14. Bc2 Qc7 15. Nf1 Qb7 16. Ng3 g6 17. Bg5 Rad8 18. Qe2 Rfe8 19. Rad1 Nc5 20. Bxf6 Bxf6 21. Nd2 Bg7 22. Nb3 Qc7 23. Nxc5 dxc5 24. Nf1 Qb7 25. Nd2 Bf8 26. Nf3 Qc7 27. Rxd8 Rxd8 28. Rd1 Rxd1+ 29. Qxd1 Be7 30. Qd2 Kg7 31. b3 f6 32. Nh2 Qd6 33. Qxd6 Bxd6 34. Nf1 Kf7 35. Ne3 Ke6 36. f3 c4 37. b4 Bc7 38. Kf2 Bb6 39. g4 Bxe3+ 1/2-1/2

[Event "Laval op"]
[Site "Laval CAN"]
[Date "2017.06.25"]
[Round "5.7"]
[White "Trinh, Tri Bao"]
[Black "Ouellet, Maili-Jade"]
[Result "0-1"]
[WhiteElo "2047"]
[BlackElo "1934"]
[WhiteFideId "-1"]
[WhiteFideId "-1"]
[PlyCount "94"]
[GameId "2160767908411038"]
[EventDate "2017.06.23"]
[EventType "swiss"]
[EventRounds "5"]
[EventCountry "CAN"]

1. c4 e6 2. Nf3 Nf6 3. b3 d5 4. Bb2 Be7 5. e3 O-O 6. Be2 c5 7. O-O b6 8. cxd5 exd5 9. d4 Bb7 10. Nc3 a6 11. Rc1 Nbd7 12. dxc5 bxc5 13. Qd3 Qa5 14. Rfd1 Rfd8 15. Qf5 Rac8 16. Bd3 Nf8 17. Ne5 Bd6 18. Na4 Ng6 19. Nf3 Rc6 20. Bb1 Bf8 21. Ne5 Re6 22. Nxg6 hxg6 23. Qh3 Rc6 24. Qh4 Qc7 25. Bd3 Be7 26. Qg3 Bd6 27. Qh4 Be7 28. Qg3 Bd6 29. Qh4 Bc8 30. Be2 Ne4 31. Rxd5 Bxh2+ 32. Qxh2 Qxh2+ 33. Kxh2 Rxd5 34. Bf3 f5 35. Nc3 Rd2 36. Nxe4 Rxb2 37. Nxc5 Rc7 38. Bd5+ Kf8 39. Kg3 Rxa2 40. e4 Ke7 41. b4 Rb2 42. exf5 gxf5 43. Bf3 Rxb4 44. Re1+ Kf8 45. Nd3 Rb3 46. Nf4 g5 47. Nd5 Rc5 0-1

[Event "Laval op"]
[Site "Laval CAN"]
[Date "2017.06.25"]
[Round "5.8"]
[White "Marchand, Jacques"]
[Black "Saha, Ananda"]
[Result "0-1"]
[WhiteElo "1988"]
[BlackElo "2013"]
[WhiteFideId "-1"]
[WhiteFideId "-1"]
[PlyCount "22"]
[GameId "2160767908411039"]
[EventDate "2017.06.23"]
[EventType "swiss"]
[EventRounds "5"]
[EventCountry "CAN"]

1. e4 c5 2. Nc3 e6 3. f4 d5 4. exd5 exd5 5. Bb5+ Nc6 6. Qe2+ Be7 7. Bxc6+ bxc6 8. d3 Nf6 9. Nf3 O-O 10. O-O Bd6 11. Bd2 Qc7 0-1

[Event "Laval op"]
[Site "Laval CAN"]
[Date "2017.06.25"]
[Round "5.9"]
[White "Jacquet, Stephane"]
[Black "Johnson-Constantin, Mathieu"]
[Result "0-1"]
[WhiteElo "1996"]
[BlackElo "1774"]
[WhiteFideId "-1"]
[WhiteFideId "-1"]
[PlyCount "74"]
[GameId "2160767908411040"]
[EventDate "2017.06.23"]
[EventType "swiss"]
[EventRounds "5"]
[EventCountry "CAN"]

1. d4 f5 2. e4 fxe4 3. Nc3 Nf6 4. Bg5 Nc6 5. d5 Ne5 6. Qd4 Nf7 7. Bxf6 exf6 8. Nxe4 Be7 9. O-O-O O-O 10. Nf3 f5 11. Ng3 d6 12. h4 Bf6 13. Qd2 Ne5 14. Nh5 Nxf3 15. Nxf6+ Qxf6 16. gxf3 Bd7 17. h5 Rfe8 18. Rg1 Re5 19. f4 Re7 20. Be2 Rae8 21. Bf3 Bb5 22. Rde1 Kf8 23. Rxe7 Rxe7 24. Re1 Rxe1+ 25. Qxe1 Qh6 26. Qe3 Be8 27. Kd2 b6 28. Kc3 Bxh5 29. Bxh5 Qxh5 30. Qe6 Qf3+ 31. Kd2 Qxf2+ 32. Kd3 Qf3+ 33. Kd2 Qxf4+ 34. Kd1 Qg4+ 35. Kd2 Qg5+ 36. Kd1 Qh5+ 37. Kd2 Qh6+ 0-1

[Event "Laval op"]
[Site "Laval CAN"]
[Date "2017.06.25"]
[Round "5.10"]
[White "Marin, Sam"]
[Black "Langlois-Remillard, Alexis"]
[Result "1/2-1/2"]
[WhiteElo "1921"]
[BlackElo "1868"]
[WhiteFideId "-1"]
[WhiteFideId "-1"]
[PlyCount "110"]
[GameId "2160767908411041"]
[EventDate "2017.06.23"]
[EventType "swiss"]
[EventRounds "5"]
[EventCountry "CAN"]

1. Nf3 Nf6 2. c4 c5 3. Nc3 b6 4. g3 Bb7 5. Bg2 e6 6. O-O Be7 7. b3 O-O 8. Bb2 d6 9. d4 cxd4 10. Qxd4 a6 11. e4 Nbd7 12. Ne1 Qc7 13. Rc1 Rac8 14. Nc2 Rfd8 15. Ne3 Nc5 16. f3 Bf8 17. Rfd1 Qb8 18. Qd2 Qa8 19. Qe2 d5 20. exd5 exd5 21. Ncxd5 Nxd5 22. Nxd5 Bxd5 23. Rxd5 Re8 24. Qd2 a5 25. f4 Ne4 26. Qd3 Nc5 27. Qf3 Qa7 28. Bd4 Qc7 29. Rd1 Ne6 30. Bf2 Nc5 31. Bh3 Rcd8 32. Kg2 h6 33. Bf5 Rxd5 34. Rxd5 Rd8 35. Bd4 Rxd5 36. Qxd5 Qe7 37. Kf2 Ne6 38. Bxe6 fxe6 39. Qc6 Kf7 40. Bxb6 Qa3 41. Qd7+ Be7 42. Bd8 Qxa2+ 43. Kg1 Qb1+ 44. Kg2 Qc2+ 45. Kh3 Qe2 46. Qxe7+ Kg8 47. Qe8+ Kh7 48. Bxa5 Qf1+ 49. Kg4 Qe2+ 50. Kh4 Qxh2+ 51. Kg4 Qe2+ 52. Kh3 Qf1+ 53. Kh4 Qh1+ 54. Kg4 Qd1+ 55. Kh3 Qh1+ 1/2-1/2

[Event "Laval op"]
[Site "Laval CAN"]
[Date "2017.06.25"]
[Round "5.11"]
[White "Leger, Manon"]
[Black "Guipi Bopala, Prince Eric jr"]
[Result "1-0"]
[WhiteElo "1988"]
[BlackElo "1616"]
[WhiteFideId "-1"]
[WhiteFideId "-1"]
[PlyCount "141"]
[GameId "2160767908411042"]
[EventDate "2017.06.23"]
[EventType "swiss"]
[EventRounds "5"]
[EventCountry "CAN"]

1. e4 d5 2. exd5 Qxd5 3. Nc3 Qa5 4. d4 Nf6 5. Bd3 Bg4 6. f3 Bh5 7. Nge2 e6 8. Bd2 c6 9. Ne4 Qc7 10. Nxf6+ gxf6 11. Bf4 e5 12. Bg3 Nd7 13. Qd2 Qb6 14. c3 O-O-O 15. O-O-O Bg6 16. Qc2 Kb8 17. f4 Bh6 18. Kb1 Rhe8 19. Rhf1 Bxd3 20. Qxd3 e4 21. f5+ Ka8 22. Qc4 Qa6 23. Qxa6 bxa6 24. Bf4 Bf8 25. Rfe1 Nb6 26. Ng3 Nd5 27. Bc1 e3 28. Ne2 Bd6 29. g3 h5 30. c4 Ne7 31. Rf1 Ng8 32. Rd3 Nh6 33. Rf3 c5 34. h3 cxd4 35. Rxd4 Bc5 36. Rxd8+ Rxd8 37. Kc2 Re8 38. Kc3 a5 39. b3 Re5 40. a3 Nxf5 41. b4 axb4+ 42. axb4 Be7 43. Bb2 Nh6 44. Kd3 Rf5 45. Rxf5 Nxf5 46. c5 a5 47. Ke4 Nh6 48. Ba3 axb4 49. Bxb4 f5+ 50. Kxe3 h4 51. Kf4 Ka7 52. gxh4 Bxh4 53. Nd4 Ka6 54. c6 Bf6 55. Nxf5 Nxf5 56. Kxf5 Bg7 57. Bd6 Kb6 58. c7 Kb7 59. Be5 Bh6 60. h4 Kc8 61. h5 Kd7 62. Kf6 Kc8 63. Kxf7 Kd7 64. Bg7 Bf4 65. Kg6 Kxc7 66. Bh6 Be5 67. Bg5 Kd7 68. h6 Ke6 69. h7 Bh8 70. Bh6 Ke7 71. Bg7 1-0

[Event "Laval op"]
[Site "Laval CAN"]
[Date "2017.06.25"]
[Round "5.12"]
[White "Champetier, Serge"]
[Black "Mok, Yuen Tak"]
[Result "0-1"]
[WhiteElo "1983"]
[BlackElo "1827"]
[WhiteFideId "-1"]
[WhiteFideId "-1"]
[PlyCount "85"]
[GameId "2160767908411043"]
[EventDate "2017.06.23"]
[EventType "swiss"]
[EventRounds "5"]
[EventCountry "CAN"]

1. e4 c6 2. d4 d5 3. e5 Bf5 4. h4 h5 5. c4 e6 6. Nc3 Ne7 7. Bg5 dxc4 8. Bxc4 Nd7 9. Bd3 Bxd3 10. Qxd3 Nxe5 11. Qe2 N5g6 12. Nf3 Qa5 13. O-O Nf5 14. a3 Be7 15. b4 Qd8 16. g3 Nxd4 17. Nxd4 Qxd4 18. Bxe7 Nxe7 19. Ne4 Qe5 20. Rad1 O-O 21. f4 Qb5 22. Qxb5 cxb5 23. Rd7 Nf5 24. Rxb7 Rfb8 25. Rxb8+ Rxb8 26. Rc1 Rb7 27. Rc8+ Kh7 28. Kf2 Rd7 29. Rc5 Rb7 30. Rc8 Rd7 31. Rc5 Rd3 32. Rxb5 Rxa3 33. Rb7 Kg6 34. b5 Ra2+ 35. Kf3 Rb2 36. Nc3 Rb3 37. Rc7 f6 38. Kf2 Nd4 39. Rc5 Nf5 40. Ne2 Rb2 41. Kf3 Rb3+ 42. Kf2 Nd6 43. Nd4 0-1

[Event "Laval op"]
[Site "Laval CAN"]
[Date "2017.06.25"]
[Round "5.13"]
[White "Mercure, Gilbert"]
[Black "Trahan, Daniel"]
[Result "1/2-1/2"]
[WhiteElo "1847"]
[BlackElo "1958"]
[WhiteFideId "-1"]
[WhiteFideId "-1"]
[PlyCount "103"]
[GameId "2160767908411044"]
[EventDate "2017.06.23"]
[EventType "swiss"]
[EventRounds "5"]
[EventCountry "CAN"]

1. e4 c5 2. d4 cxd4 3. c3 Nf6 4. e5 Nd5 5. Nf3 Nc6 6. Bc4 e6 7. O-O d6 8. cxd4 dxe5 9. Bxd5 Qxd5 10. Nc3 Qa5 11. d5 exd5 12. Qxd5 Qxd5 13. Nxd5 Bd6 14. Re1 O-O 15. Bd2 Bg4 16. Ng5 Rad8 17. Ne3 Bh5 18. Ne4 Bb4 19. Bxb4 Nxb4 20. Nc5 b6 21. a3 Nc6 22. Nb3 f6 23. f3 Bf7 24. Rac1 Bxb3 25. Rxc6 Rd7 26. Rc3 Be6 27. Rec1 Rfd8 28. g4 Kf7 29. b4 g6 30. a4 Ke7 31. a5 Rd3 32. axb6 axb6 33. R1c2 R8d4 34. b5 Rxc3 35. Rxc3 Kd7 36. Ra3 Kd6 37. Rc3 Kd7 38. Ra3 Rb4 39. Ra7+ Ke8 40. Rxh7 Rxb5 41. h4 Rb3 42. Kf2 Rb2+ 43. Kf1 Kf8 44. h5 gxh5 45. gxh5 Rh2 46. Kg1 Rh4 47. h6 Kg8 48. Re7 Bh3 49. Rg7+ Kf8 50. Rg6 Kf7 51. Rg7+ Kf8 52. Rg6 1/2-1/2

[Event "Laval op"]
[Site "Laval CAN"]
[Date "2017.06.25"]
[Round "5.14"]
[White "Barre, Michel"]
[Black "Zhong, Kevin"]
[Result "1/2-1/2"]
[WhiteElo "1965"]
[BlackElo "1576"]
[WhiteFideId "-1"]
[WhiteFideId "-1"]
[PlyCount "51"]
[GameId "2160767908411045"]
[EventDate "2017.06.23"]
[EventType "swiss"]
[EventRounds "5"]
[EventCountry "CAN"]

1. d4 d5 2. Bf4 c5 3. e3 cxd4 4. exd4 Nc6 5. c3 Bf5 6. Nd2 e6 7. Ngf3 Bd6 8. Bg3 Nf6 9. Bb5 O-O 10. O-O Ne4 11. Bxd6 Qxd6 12. Nh4 Qf4 13. Ndf3 Nd6 14. Nxf5 Nxb5 15. Ng3 Nd6 16. Re1 Nf5 17. Nxf5 Qxf5 18. Ne5 Nxe5 19. Rxe5 Qf6 20. Qe2 Rab8 21. a4 Rfc8 22. Re3 a6 23. a5 g6 24. Rf3 Qg7 25. h4 h6 26. h5 1/2-1/2

[Event "Laval op"]
[Site "Laval CAN"]
[Date "2017.06.25"]
[Round "5.15"]
[White "Nica, Ion"]
[Black "Vignalou, Joseph"]
[Result "1-0"]
[WhiteElo "1679"]
[BlackElo "1861"]
[WhiteFideId "-1"]
[WhiteFideId "-1"]
[PlyCount "34"]
[GameId "2160767908411046"]
[EventDate "2017.06.23"]
[EventType "swiss"]
[EventRounds "5"]
[EventCountry "CAN"]

1. b3 c5 2. Bb2 Nc6 3. e3 d5 4. Bb5 Nf6 5. Nf3 Bd7 6. O-O e6 7. d3 Bd6 8. Bxc6 Bxc6 9. Ne5 Qc7 10. f4 O-O-O 11. Nd2 Be8 12. c4 Rg8 13. b4 Nd7 14. Nxd7 Bxd7 15. cxd5 Kb8 16. Ne4 exd5 17. Nxd6 Qxd6 1-0

[Event "Laval op"]
[Site "Laval CAN"]
[Date "2017.06.25"]
[Round "5.16"]
[White "Zhang, Hou Han"]
[Black "Turcotte, Jonathan"]
[Result "0-1"]
[WhiteElo "1572"]
[BlackElo "1985"]
[WhiteFideId "-1"]
[WhiteFideId "-1"]
[PlyCount "134"]
[GameId "2160767908411047"]
[EventDate "2017.06.23"]
[EventType "swiss"]
[EventRounds "5"]
[EventCountry "CAN"]

1. Nf3 d5 2. g3 Nf6 3. c4 c6 4. Bg2 Bf5 5. d4 e6 6. cxd5 exd5 7. Nc3 Nbd7 8. O-O Bd6 9. Bg5 O-O 10. Nh4 Be6 11. e4 dxe4 12. Nxe4 Be7 13. Nxf6+ Nxf6 14. Nf3 h6 15. Be3 Nd5 16. Qc2 Bf6 17. Rad1 a5 18. a3 a4 19. Nd2 Qb6 20. Ne4 Be7 21. Nc5 Nxe3 22. fxe3 Bxc5 23. dxc5 Qa5 24. Rd6 Rad8 25. Rfd1 Bb3 26. Qd2 Rxd6 27. cxd6 Qxd2 28. Rxd2 Rd8 29. e4 f6 30. Bh3 Kf7 31. Kf2 c5 32. Ke3 b6 33. Kf4 g5+ 34. Ke3 h5 35. Bf5 Be6 36. Rd3 Bxf5 37. exf5 Ke8 38. Ke4 Kd7 39. Kd5 Re8 40. Rd2 Re5+ 41. Kc4 Re4+ 42. Kb5 Rd4 43. Rxd4 cxd4 44. Kxa4 Kxd6 45. Kb3 Ke5 46. Kc2 Kxf5 47. a4 Ke4 48. b4 Ke3 49. Kd1 f5 50. a5 bxa5 51. bxa5 f4 52. gxf4 gxf4 53. a6 f3 54. a7 f2 55. a8=Q f1=Q+ 56. Kc2 d3+ 57. Kb2 Qe2+ 58. Ka1 d2 59. Qa7+ Kf3 60. Qf7+ Kg2 61. Qd5+ Kxh2 62. Qd6+ Kg1 63. Qg3+ Qg2 64. Qe3+ Kh1 65. Qd3 Qg1+ 66. Ka2 d1=Q 67. Qe4+ Qg2+ 0-1

[Event "Laval op"]
[Site "Laval CAN"]
[Date "2017.06.25"]
[Round "5.17"]
[White "Forget, Luc"]
[Black "Gauthier, Denis"]
[Result "0-1"]
[WhiteElo "1963"]
[BlackElo "1862"]
[WhiteFideId "-1"]
[WhiteFideId "-1"]
[PlyCount "76"]
[GameId "2160767908411048"]
[EventDate "2017.06.23"]
[EventType "swiss"]
[EventRounds "5"]
[EventCountry "CAN"]

1. d4 Nf6 2. c4 e6 3. Nf3 b6 4. a3 Ba6 5. Qc2 c5 6. d5 exd5 7. cxd5 d6 8. e4 Bxf1 9. Kxf1 Nbd7 10. g3 b5 11. Kg2 g6 12. Bf4 Nh5 13. Bd2 Bg7 14. Bc3 O-O 15. Bxg7 Kxg7 16. Nc3 a6 17. Rhe1 Qe7 18. Rad1 f6 19. b4 Ne5 20. bxc5 dxc5 21. d6 Qe6 22. Rd5 Nf4+ 23. gxf4 Qg4+ 24. Kf1 Qh3+ 25. Ke2 Qxf3+ 26. Kf1 Qxf4 27. Rxc5 Qxh2 28. Rc7+ Kh8 29. Nd5 Qh3+ 30. Ke2 Qf3+ 31. Kf1 Rad8 32. Re3 Qh1+ 33. Ke2 Rxd6 34. Rg3 Rd7 35. Rxd7 Nxd7 36. Nf4 Re8 37. Re3 Qa1 38. Ne6 Qe5 0-1

[Event "Laval op"]
[Site "Laval CAN"]
[Date "2017.06.25"]
[Round "5.18"]
[White "Abran, David"]
[Black "Morin, Louis"]
[Result "1-0"]
[WhiteElo "1870"]
[BlackElo "1886"]
[WhiteFideId "-1"]
[WhiteFideId "-1"]
[PlyCount "53"]
[GameId "2160767908411049"]
[EventDate "2017.06.23"]
[EventType "swiss"]
[EventRounds "5"]
[EventCountry "CAN"]

1. d4 e5 2. dxe5 Nc6 3. Nf3 Qe7 4. g3 Nxe5 5. Bg2 Nf6 6. O-O d5 7. Nbd2 Ng6 8. b3 h5 9. h4 Bg4 10. Re1 O-O-O 11. Bb2 Ne4 12. Qc1 Kb8 13. a4 f6 14. a5 c5 15. c4 Qc7 16. cxd5 Nxg3 17. fxg3 Bxf3 18. exf3 Qxg3 19. Nf1 Qc7 20. Qc4 Bd6 21. Re4 f5 22. Ree1 Rhe8 23. a6 Rxe1 24. Rxe1 Nf4 25. axb7 Qxb7 26. Be5 Qxd5 27. Qxf4 1-0

[Event "Laval op U1200"]
[Site "Laval CAN"]
[Date "2017.06.23"]
[Round "1.1"]
[White "Pepin, Pierre-Luc"]
[Black "Bellal, Aghiless"]
[Result "1/2-1/2"]
[WhiteElo "1003"]
[BlackElo "1199"]
[WhiteFideId "-1"]
[WhiteFideId "-1"]
[PlyCount "76"]
[GameId "2160767908411050"]
[EventDate "2017.06.23"]
[EventType "swiss"]
[EventRounds "5"]
[EventCountry "CAN"]

1. d4 d5 2. Bf4 Nc6 3. e3 g6 4. Nd2 Bg7 5. Bb5 Bd7 6. c3 a6 7. Bxc6 Bxc6 8. Ngf3 h6 9. O-O Nf6 10. Be5 e6 11. Qc2 O-O 12. a4 Rc8 13. b4 Qe8 14. Ra3 Kh7 15. Rfa1 b6 16. h3 Rg8 17. Nf1 Qd8 18. g4 Ne4 19. Bxg7 Kxg7 20. Ne5 Qe8 21. f3 Nd6 22. Nd2 Rh8 23. Nxc6 Qxc6 24. a5 b5 25. e4 f5 26. e5 Nf7 27. h4 h5 28. g5 f4 29. Nb3 Rcf8 30. Qd2 Nd8 31. Nc1 Rf7 32. Ne2 Rhf8 33. Rf1 Qa8 34. Rf2 Nc6 35. Nc1 Ne7 36. Nd3 c6 37. Rh2 Kh7 38. Rh3 Kg7 1/2-1/2

[Event "Laval op U1200"]
[Site "Laval CAN"]
[Date "2017.06.24"]
[Round "3.1"]
[White "Bocan, Richard"]
[Black "Bejjani, Ziad"]
[Result "1-0"]
[WhiteElo "1086"]
[BlackElo "970"]
[WhiteFideId "-1"]
[WhiteFideId "-1"]
[PlyCount "43"]
[GameId "2160767908411051"]
[EventDate "2017.06.23"]
[EventType "swiss"]
[EventRounds "5"]
[EventCountry "CAN"]

1. d4 d5 2. Nf3 e6 3. c4 dxc4 4. e4 b5 5. a4 c6 6. b3 cxb3 7. axb5 Qb6 8. Qxb3 Bd7 9. Nc3 cxb5 10. Bxb5 Nc6 11. Be3 Nb4 12. Bxd7+ Kxd7 13. Na2 f6 14. d5 Bc5 15. Bxc5 Qxc5 16. Qxb4 Qxb4+ 17. Nxb4 exd5 18. Nxd5 a5 19. Nb6+ Kc6 20. Nxa8 Kb7 21. Rxa5 Nh6 22. O-O 1-0

[Event "Laval op U1200"]
[Site "Laval CAN"]
[Date "2017.06.25"]
[Round "4.1"]
[White "Aubut, Jean-Philippe"]
[Black "Bocan, Richard"]
[Result "0-1"]
[WhiteElo "1114"]
[BlackElo "1086"]
[WhiteFideId "-1"]
[WhiteFideId "-1"]
[PlyCount "66"]
[GameId "2160767908411052"]
[EventDate "2017.06.23"]
[EventType "swiss"]
[EventRounds "5"]
[EventCountry "CAN"]

1. e4 c6 2. d4 d5 3. exd5 cxd5 4. Nf3 Nc6 5. Bd3 e6 6. O-O Bd6 7. Be3 Nf6 8. Nbd2 O-O 9. a3 e5 10. h3 e4 11. Be2 exf3 12. Bxf3 Qb6 13. Nb3 a5 14. a4 Bb8 15. Re1 Qc7 16. Kf1 b6 17. Ke2 Ba6+ 18. Kd2 Ba7 19. Kc1 Nb4 20. Kb1 Rac8 21. c3 Bd3+ 22. Kc1 Nc2 23. Qxd3 Nxe1 24. Qe2 Nxf3 25. Qxf3 Qc4 26. Kc2 Qc6 27. Nd2 Qe6 28. b4 Ne4 29. Nf1 f5 30. g4 Qg6 31. Qf4 Bb8 32. Qf3 f4 33. Bd2 Ng5+ 0-1

[Event "Laval op U1500"]
[Site "Laval CAN"]
[Date "2017.06.23"]
[Round "1.1"]
[White "Dufresne, Samuel"]
[Black "Therrien, Alexandre"]
[Result "1-0"]
[WhiteElo "1316"]
[BlackElo "1485"]
[WhiteFideId "-1"]
[WhiteFideId "-1"]
[PlyCount "125"]
[GameId "2160767908411053"]
[EventDate "2017.06.23"]
[EventType "swiss"]
[EventRounds "5"]
[EventCountry "CAN"]

1. d4 d5 2. c4 e6 3. Nc3 Nf6 4. Bg5 Be7 5. Nf3 h6 6. Bh4 O-O 7. e3 b6 8. Be2 dxc4 9. Bxc4 Bb7 10. O-O c6 11. Rc1 Nbd7 12. Qe2 b5 13. Bb3 a5 14. a3 Qb6 15. a4 b4 16. Nb1 c5 17. Nbd2 Qa7 18. Rfd1 Rfe8 19. Bc4 Nd5 20. Bxe7 Rxe7 21. Nb3 Rc8 22. Bb5 Nc7 23. Bxd7 Rxd7 24. dxc5 Bc6 25. Rxd7 Bxd7 26. c6 Be8 27. Nbd4 Nd5 28. Nd2 e5 29. Nf5 Rxc6 30. Rxc6 Bxc6 31. Qg4 f6 32. Qc4 Qd7 33. e4 Kh8 34. exd5 Bxd5 35. Qc2 b3 36. Qb1 Be6 37. Nxg7 Kxg7 38. Qc1 Qxa4 39. h3 Kg6 40. Qc3 Qd4 41. Qxd4 exd4 42. Kf1 Bd5 43. f3 h5 44. Ke2 Kf5 45. g3 a4 46. Kd3 Ke5 47. f4+ Kf5 48. Kxd4 Bg2 49. Nc4 Bxh3 50. Ne3+ Kg6 51. Kc3 Bd7 52. Kb4 h4 53. gxh4 Kh5 54. Nd5 f5 55. Nf6+ Kxh4 56. Nxd7 Kg4 57. Kxa4 Kxf4 58. Kxb3 Ke4 59. Kc3 f4 60. Nc5+ Ke3 61. Nd3 f3 62. b4 Ke4 63. Kc4 1-0

[Event "Laval op U1500"]
[Site "Laval CAN"]
[Date "2017.06.24"]
[Round "2.1"]
[White "Liu, Kevin"]
[Black "Gallagher, Benoit"]
[Result "1-0"]
[WhiteElo "1441"]
[BlackElo "1327"]
[WhiteFideId "-1"]
[WhiteFideId "-1"]
[PlyCount "47"]
[GameId "2160767738923080"]
[EventDate "2017.06.23"]
[EventType "swiss"]
[EventRounds "5"]
[EventCountry "CAN"]

1. c4 e6 2. e4 d5 3. e5 c5 4. cxd5 Qxd5 5. Nf3 b6 6. Nc3 Qd8 7. Bb5+ Bd7 8. Bc4 Nc6 9. O-O Nge7 10. Re1 Ng6 11. Re2 Be7 12. b3 Nd4 13. Re1 Bc6 14. Bb2 Nxf3+ 15. gxf3 Qd4 16. Bf1 Nh4 17. Bg2 h5 18. Rb1 Nxg2 19. Ne4 Qd5 20. Kxg2 Rh6 21. Qe2 f5 22. exf6 gxf6 23. Rbd1 Rg6+ 24. Kh1 {...} 1-0

[Event "Laval op U1500"]
[Site "Laval CAN"]
[Date "2017.06.24"]
[Round "3.1"]
[White "Gagnon-Styrczula, Philippe"]
[Black "Liu, Kevin"]
[Result "1/2-1/2"]
[WhiteElo "1361"]
[BlackElo "1441"]
[WhiteFideId "-1"]
[WhiteFideId "-1"]
[PlyCount "143"]
[GameId "2160767908411054"]
[EventDate "2017.06.23"]
[EventType "swiss"]
[EventRounds "5"]
[EventCountry "CAN"]

1. e4 c5 2. c3 d5 3. exd5 Qxd5 4. d4 cxd4 5. cxd4 Nc6 6. Nf3 Bg4 7. Be2 e6 8. h3 Bh5 9. Nc3 Qd8 10. Be3 Nf6 11. O-O Be7 12. Qd2 O-O 13. Rfd1 Qa5 14. a3 Rfd8 15. b4 Qc7 16. Rac1 a6 17. b5 axb5 18. Nxb5 Qd7 19. Qb2 Nd5 20. Ne5 Nxe5 21. Bxh5 Nc6 22. Bf3 Bf6 23. Bxd5 exd5 24. Qb1 Ra4 25. Rc3 Na5 26. Rc7 Qe8 27. Re1 Qf8 28. Qc2 Rc4 29. Rxc4 Nxc4 30. Qb3 b6 31. a4 Rc8 32. Nc3 Qd6 33. Nb5 Qd7 34. Rc1 h6 35. Qd3 g6 36. Qd1 Kh7 37. Qf3 Bg7 38. Nc3 Nxe3 39. fxe3 Rc6 40. Qd1 Qe6 41. Qe1 h5 42. Na2 Rxc1 43. Qxc1 Bh6 44. Kf2 Qf5+ 45. Ke2 Qe4 46. Kf2 Qh4+ 47. Ke2 Qg3 48. Qg1 Qc7 49. Qf2 Qc4+ 50. Ke1 f5 51. Qd2 Qxa4 52. Nc3 Qc6 53. Ne2 Qe6 54. Kf2 g5 55. Qc3 h4 56. Qc7+ Kg6 57. Nc3 g4 58. Qe5 Qxe5 59. dxe5 Kf7 60. Nxd5 b5 61. Ke2 Bf8 62. Kd3 b4 63. Nf4 Bc5 64. e4 fxe4+ 65. Kxe4 gxh3 66. gxh3 b3 67. Kd3 Bd4 68. Ng2 Bxe5 69. Nxh4 Ke6 70. Nf3 Bh8 71. Nd2 b2 72. Kc2 1/2-1/2

[Event "Laval op U1500"]
[Site "Laval CAN"]
[Date "2017.06.25"]
[Round "4.1"]
[White "Daher, Elie"]
[Black "Riedel, Alex"]
[Result "1/2-1/2"]
[WhiteElo "1415"]
[BlackElo "1420"]
[WhiteFideId "-1"]
[WhiteFideId "-1"]
[PlyCount "82"]
[GameId "2160767908411055"]
[EventDate "2017.06.23"]
[EventType "swiss"]
[EventRounds "5"]
[EventCountry "CAN"]

1. e4 e6 2. Nf3 d5 3. exd5 exd5 4. d4 Nf6 5. Bf4 Bd6 6. Bxd6 Qxd6 7. Bd3 O-O 8. O-O Bg4 9. Nbd2 Nbd7 10. c3 c6 11. Qc2 Rfe8 12. Rfe1 b5 13. a4 Rxe1+ 14. Rxe1 Bxf3 15. Nxf3 a6 16. b4 h6 17. a5 Qf4 18. Re7 Kf8 19. Qe2 Re8 20. Rxe8+ Nxe8 21. Qe3 Qxe3 22. fxe3 Ndf6 23. Ne5 Ne4 24. Bxe4 dxe4 25. Nxc6 Nc7 26. Ne5 Ke7 27. c4 bxc4 28. Nxc4 f6 29. Nb6 Kd6 30. Kf2 Kc6 31. Kg3 Nd5 32. Nxd5 Kxd5 33. Kf4 g6 34. b5 axb5 35. a6 Kc6 36. a7 Kb7 37. Kxe4 Kxa7 38. Kd3 Kb6 39. Kc3 Kc6 40. e4 h5 41. h3 h4 1/2-1/2

[Event "Laval op U1500"]
[Site "Laval CAN"]
[Date "2017.06.25"]
[Round "5.1"]
[White "Zhang, Chu Hang"]
[Black "Riedel, Alex"]
[Result "1-0"]
[WhiteElo "1371"]
[BlackElo "1420"]
[WhiteFideId "-1"]
[WhiteFideId "-1"]
[PlyCount "121"]
[GameId "2160767908411056"]
[EventDate "2017.06.23"]
[EventType "swiss"]
[EventRounds "5"]
[EventCountry "CAN"]

1. e4 e6 2. d4 d5 3. e5 c5 4. c3 Nc6 5. Nf3 Qb6 6. a3 Nge7 7. Be2 Nf5 8. dxc5 Bxc5 9. O-O Qc7 10. Bb5 a6 11. Bxc6+ bxc6 12. Nbd2 O-O 13. Nb3 Bb6 14. Nbd4 Nxd4 15. cxd4 c5 16. Be3 c4 17. Rc1 Qe7 18. Bg5 Qb7 19. b3 cxb3 20. Qxb3 Bd8 21. Qd3 Bd7 22. Qe3 Bxg5 23. Nxg5 h6 24. Nf3 Bb5 25. Rb1 Qe7 26. Rfc1 Rfc8 27. h3 Rc7 28. Rxc7 Qxc7 29. Rc1 Qd7 30. Qc3 Bc4 31. Nd2 Rc8 32. Nb3 Qe7 33. Nd2 Qd7 34. f4 Qd8 35. Kh2 f5 36. exf6 Qxf6 37. Qe3 Rf8 38. Nxc4 dxc4 39. Rxc4 Qxf4+ 40. Qxf4 Rxf4 41. Kg3 e5 42. Rc8+ Kf7 43. Rc7+ Ke6 44. dxe5 Kxe5 45. Rxg7 Ra4 46. Re7+ Kd4 47. Rh7 Rxa3+ 48. Kh4 a5 49. Rxh6 a4 50. Ra6 Kc4 51. g4 Kb3 52. g5 Ra1 53. g6 Rg1 54. Kh5 a3 55. h4 a2 56. Kh6 a1=Q 57. Rxa1 Rxa1 58. g7 Ra8 59. h5 Kc4 60. Kh7 Ra7 61. Kh8 1-0

[Event "Laval op U1800"]
[Site "Laval CAN"]
[Date "2017.06.23"]
[Round "1.1"]
[White "Yu, Xi Ming"]
[Black "Blanchette, Rene"]
[Result "0-1"]
[WhiteElo "1624"]
[BlackElo "1788"]
[WhiteFideId "-1"]
[WhiteFideId "-1"]
[PlyCount "52"]
[GameId "2160767908411057"]
[EventDate "2017.06.23"]
[EventType "swiss"]
[EventRounds "5"]
[EventCountry "CAN"]

1. e4 Nf6 2. Nc3 d6 3. d4 g6 4. Bc4 c6 5. Bb3 Bg7 6. Nge2 O-O 7. f3 Nbd7 8. Be3 b5 9. Qd2 Nb6 10. O-O-O a5 11. a4 Nc4 12. Bxc4 bxc4 13. Nb1 Rb8 14. Na3 Ba6 15. c3 Qb6 16. d5 c5 17. g4 Nd7 18. f4 Rb7 19. Qc2 Rfb8 20. Rd2 Qc7 21. Qd1 Rb3 22. e5 Qb7 23. Qc2 dxe5 24. Re1 Nb6 25. fxe5 Nxa4 26. Bf4 Nxb2 0-1

[Event "Laval op U1800"]
[Site "Laval CAN"]
[Date "2017.06.24"]
[Round "2.1"]
[White "Blanchette, Rene"]
[Black "Fardin, Democri"]
[Result "0-1"]
[WhiteElo "1788"]
[BlackElo "1613"]
[WhiteFideId "-1"]
[WhiteFideId "-1"]
[PlyCount "66"]
[GameId "2160767908411058"]
[EventDate "2017.06.23"]
[EventType "swiss"]
[EventRounds "5"]
[EventCountry "CAN"]

1. e4 c5 2. Nf3 g6 3. d4 cxd4 4. Nxd4 Nf6 5. Nc3 d6 6. Bc4 Bg7 7. Bb3 a6 8. f3 O-O 9. Be3 Nc6 10. Qd2 Qc7 11. O-O-O Na5 12. Bh6 Nxb3+ 13. Nxb3 b5 14. Bxg7 Kxg7 15. g4 Bb7 16. Qd4 Kg8 17. h4 Rad8 18. Qe3 e5 19. h5 b4 20. Nd5 Nxd5 21. exd5 Rc8 22. Rh2 Qc4 23. Na5 Qb5 24. Qh6 Rc7 25. hxg6 fxg6 26. Nxb7 Qxb7 27. Qg5 b3 28. axb3 Qxb3 29. Kb1 Qxf3 30. Rd3 Qf1+ 31. Ka2 Rxc2 32. Rxc2 Qxd3 33. Rc7 Qxd5+ 0-1